000 00649nam a2200229Ia 4500
003 OSt
005 20221007074807.0
006 a|||||r|||| 00| 0
007 ta
008 221006b |||||||| |||| 00| 0 eng d
024 _a13,446
037 _cTextual
040 _aFLL
_cFLL
_beng
041 _2eng
_aeng
082 _aV73:5.N7, L7
100 _aLeblanc L.J. Au.
_9693161
245 0 _aOas and the promotion and protection of human rights
260 _aNetherland
_bMartinus nijhoff the hague Netherland
_c1977
300 _a179p
_ccm.
942 _hV73:5.N7, L7
_cTEXL
_2CC
999 _c1153694
_d1153694